000 00401nam a2200145Ia 4500
008 231129s1991||||xx |||||||||||||| ||spa||
020 _a84-348-1540-0
040 _bspa
082 _a839.73 G868s
100 _aGripe Marí­a
245 0 _aLa sombra sobre el banco de piedra
260 _c1991
264 _aMadrid España : Ediciones SM.
942 _2ddc
_cBKS
999 _c18257
_d18257